Domi militiaeque : Militär- und andere Altertümer : Festschrift für Hannsjörg Ubl zum 85, Geburtstag /
This volume, in honour of the Austrian scholar Professor Dr Hannsjörg Ubl, contains 24 contributions covering a wide range of topics. The focus is on Ancient Greece and Rome, but the volume also includes papers about the Langobards, renaissance replicas of classical sculpture, and the archaeology of...
مؤلفون آخرون: ,
التنسيق: كتاب الكتروني
اللغة:
German
English
منشور في:
Summertown, Oxford :
Archaeopress Publishing Ltd,
2020.
سلاسل:
Archaeopress Roman archaeology ;
68.
الموضوعات:
الوصول للمادة أونلاين: Login to view Source
الوسوم: إضافة وسم
رقم الطلب: DG77
| LEADER | 02101nam a2200457 i 4500 | ||
|---|---|---|---|
| 001 | EDZ0002342153 | ||
| 003 | StDuBDS | ||
| 005 | 20230412182741.0 | ||
| 006 | m|||||o||d|||||||| | ||
| 007 | cr ||||||||||| | ||
| 008 | 200623s2020 enka fob 010|0|ger|d | ||
| 020 | |a 9781789695335 (ebook) : |c No price | ||
| 040 | |a StDuBDS |b eng |c StDuBDS |e rda |e pn | ||
| 041 | 0 | |a ger |a eng | |
| 050 | 4 | |a DG77 | |
| 082 | 0 | 4 | |a 937 |2 23 |
| 245 | 0 | 0 | |a Domi militiaeque : |b Militär- und andere Altertümer : Festschrift für Hannsjörg Ubl zum 85, Geburtstag / |c herausgegeben von Günther E. Thüry. |
| 264 | 1 | |a Summertown, Oxford : |b Archaeopress Publishing Ltd, |c 2020. | |
| 300 | |a 1 online resource (238 pages) : |b illustrations (black and white, and colour). | ||
| 336 | |a text |2 rdacontent | ||
| 336 | |a still image |2 rdacontent | ||
| 337 | |a computer |2 rdamedia | ||
| 338 | |a online resource |2 rdacarrier | ||
| 490 | 1 | |a Archaeopress Roman archaeology ; |v 68 | |
| 500 | |a Also issued in print: 2020. | ||
| 504 | |a Includes bibliographical references. | ||
| 520 | 8 | |a This volume, in honour of the Austrian scholar Professor Dr Hannsjörg Ubl, contains 24 contributions covering a wide range of topics. The focus is on Ancient Greece and Rome, but the volume also includes papers about the Langobards, renaissance replicas of classical sculpture, and the archaeology of World War I. | |
| 521 | |a Specialized. | ||
| 546 | |a Text in German and English. | ||
| 588 | |a Description based on online resource; title from PDF title page (viewed on September 28, 2020). | ||
| 651 | 0 | |a Rome |x Antiquities. | |
| 651 | 0 | |a Greece |x Antiquities. | |
| 651 | 0 | |a Europe |x Antiquities. | |
| 700 | 1 | |a Thüry, Günther E., |e editor. | |
| 700 | 1 | |a Ubl, Hannsjörg, |d 1935- |e honouree. | |
| 776 | 0 | 8 | |i Print version : |z 9781789695328 |
| 830 | 0 | |a Archaeopress Roman archaeology ; |v 68. | |
| 856 | 4 | 0 | |3 Archaeopress |u http://library.arce.org:8087/Archaeopress/Products/9781789695328 |
| 942 | |2 lcc |c EBOOK | ||
| 952 | |0 0 |1 0 |4 0 |6 DG0077 |7 1 |9 46670 |a ARCH |b ARCH |d 2023-04-12 |l 0 |o DG77 |r 2023-04-12 00:00:00 |w 2023-04-12 |y EBOOK | ||
| 999 | |c 52328 |d 52328 | ||
